| 000 | 01048nam a2200301 c 4500 | ||
|---|---|---|---|
| 999 |
_c29683 _d29683 |
||
| 003 | BLK | ||
| 005 | 20220225115857.0 | ||
| 008 | 180407b bul|||||r ||||||| ||bul|| | ||
| 010 | _aKNG00032304000 | ||
| 040 | _aBLK | ||
| 041 |
_aBUL _cBUL |
||
| 072 | 7 |
_2bullib _aРА _xРусенски автори |
|
| 080 |
_aБългарска литература _b821.163.2 _x-93-1 _z821.163.2-93-1 |
||
| 100 | 1 |
_aЙоцова, Марийка _eпърви автор _9258330 |
|
| 139 |
_aЙоцова, Марийка _bИ 85 |
||
| 245 | 1 | 0 |
_aЗемята плаче _bЗабързана книга, която носи предупреждение : Стихове _cМарийка Йоцова; * Мара-Девия. |
| 257 | _aBGR | ||
| 260 |
_bИзд. авт. _c1998 |
||
| 300 |
_a24 с. _c20 см |
||
| 380 | _aX | ||
| 659 | _aК | ||
| 700 | 1 |
_aМара-Девия _e* _9366453 |
|
| 852 | _aЦб 197337 | ||
| 852 | _aК 821.163.2/И 85 М | ||
| 856 | 4 | _qpdf | |
| 856 | 4 | _qpdf | |
| 942 |
_cKNG _n0 _s1 |
||
| 944 |
_aCR _c15.01.2003 _kРенета_Константинова |
||
| 944 |
_aED _c06.11.2014 |
||
| 999 | _d29683 | ||